000 00521cam a2200181 4500500
005 20260405001305.0
041 _afre
042 _adc
100 1 0 _aMichaud, Yves
_eauthor
245 0 0 _aMoins de Descartes, plus de zen !
260 _c2012.
500 _a70
690 _aPensée
690 _aTao
690 _aZen
786 0 _nPhilosophie magazine | 60 | 6 | 2012-06-01 | p. 4-4 | 1951-1787
856 4 1 _uhttps://shs.cairn.info/magazine-philosophie-magazine-2012-6-page-4?lang=fr&redirect-ssocas=7080
999 _c2046023
_d2046022